[Event "MNT-chT"]
[Site "Herceg Novi"]
[Date "2025.05.04"]
[Round "5.26"]
[White "Vukcevic, Nemanja"]
[Black "Skvortsov, Andrei"]
[Result "1-0"]
[WhiteElo "2358"]
[BlackElo "2354"]
[PlyCount "193"]
[EventDate "2025.05.01"]
[EventType "team-tourn"]
[EventRounds "9"]
[EventCountry "MNE"]
[SourceTitle "CB20_2025"]
[SourceDate "2025.05.14"]
[SourceVersion "1"]
[SourceVersionDate "2025.05.14"]
[SourceQuality "1"]
[WhiteTeam "Omladinac Buducnost"]
[BlackTeam "Dama"]
[WhiteTeamCountry "MNE"]
[BlackTeamCountry "MNE"]

1. e4 c5 2. Nf3 e6 3. d4 cxd4 4. Nxd4 a6 5. c4 Nf6 6. Nc3 Bb4 7. Qd3 d5 8. exd5 exd5 9. Be2 Nc6 10. Nxc6 bxc6 11. 0-0 0-0 12. cxd5 Nxd5 13. Nxd5 Qxd5 14. Qg3 Bd6 15. Bf4 Bxf4 16. Qxf4 Be6 17. Rfc1 Qd7 18. Rd1 Bd5 19. Bf3 Qb7 20. b3 Rfe8 21. Bxd5 cxd5 22. Rac1 Rac8 23. h3 Qd7 24. Rxc8 Rxc8 25. Qe5 Rd8 26. Rd4 g6 27. Qf6 Qc8 28. h4 Qc1+ 29. Kh2 Qc7+ 30. g3 Qd6 31. Qg5 h5 32. b4 Kg7 33. a4 Qf6 34. Qd2 Rb8 35. Kg1 Kg8 36. Kg2 Qc6 37. a5 Rd8 38. Qg5 Rd6 39. Qe5 Qd7 40. Qe2 Kh7 41. Qd3 Kg8 42. Qc2 Rc6 43. Qa4 Qb7 44. Qd1 Rd6 45. Qf3 Qd7 46. Qf4 Qe6 47. Rd3 Qd7 48. Qd4 Kh7 49. Rc3 Rc6 50. Rc5 Rxc5 51. bxc5 Qc6 52. Kg1 Kg8 53. Qb4 Qe6 54. Qb8+ Kg7 55. Qb6 Qe1+ 56. Kg2 Qe4+ 57. Kh2 Qc4 58. c6 d4 59. c7 d3 60. Qb7 d2 61. c8Q Qd4 62. Qc2 d1Q 63. Qxd1 Qxd1 64. Qxa6 Qd2 65. Qb6 g5 66. hxg5 h4 67. Qf6+ Kg8 68. a6 hxg3+ 69. Kxg3 Qd3+ 70. Kh2 Qc2 71. Kg2 Qe4+ 72. Qf3 Qd4 73. Qf5 Qa4 74. g6 fxg6 75. Qxg6+ Kh8 76. Qf6+ Kg8 77. Kg3 Qb3+ 78. f3 Qb8+ 79. Kg4 Qc8+ 80. Kh4 Qc4+ 81. Kh5 Qa2 82. Qd8+ Kg7 83. Qc7+ Kh8 84. Qd8+ Kg7 85. Qd4+ Kf7 86. a7 Qh2+ 87. Kg4 Qg2+ 88. Kf4 Qh2+ 89. Ke4 Qe2+ 90. Kf4 Qh2+ 91. Kg5 Qg2+ 92. Qg4 Qa2 93. Qd7+ Kg8 94. Qc8+ Kh7 95. a8Q Qg2+ 96. Qg4 Qd2+ 97. f4 1-0

[Event "MNT-chT"]
[Site "Herceg Novi"]
[Date "2025.05.01"]
[Round "1.20"]
[White "Skvortsov, Andrei"]
[Black "Lekic, Dusan"]
[Result "1/2-1/2"]
[WhiteElo "2354"]
[BlackElo "2269"]
[PlyCount "74"]
[EventDate "2025.05.01"]
[EventType "team-tourn"]
[EventRounds "9"]
[EventCountry "MNE"]
[SourceTitle "CB20_2025"]
[SourceDate "2025.05.14"]
[SourceVersion "1"]
[SourceVersionDate "2025.05.14"]
[SourceQuality "1"]
[WhiteTeam "Dama"]
[BlackTeam "Mimoza"]
[WhiteTeamCountry "MNE"]
[BlackTeamCountry "MNE"]

1. e4 c5 2. d4 cxd4 3. Qxd4 Nc6 4. Qd3 Nf6 5. Nc3 g6 6. Nf3 Bg7 7. Be2 0-0 8. 0-0 d6 9. Nd5 Nd7 10. c3 e6 11. Nf4 Nc5 12. Qc2 b6 13. Nd3 Bb7 14. Nxc5 bxc5 15. Be3 Qe7 16. Rad1 Rad8 17. Qa4 a5 18. Rd2 h6 19. Rfd1 Kh7 20. Bb5 Qc7 21. Re2 Na7 22. Bd3 Bc6 23. Qc2 Ba8 24. Qc1 Nc8 25. Bc2 Ne7 26. Bf4 e5 27. Bg3 f6 28. Nd2 c4 29. Nf1 h5 30. Qd2 Qb7 31. Ne3 Bh6 32. Bb1 f5 33. exf5 Nxf5 34. Qd5 Bxe3 35. Qxb7+ Bxb7 36. Bxf5 gxf5 37. fxe3 Be4 1/2-1/2

[Event "Moscow Aeroflot op-A"]
[Site "Moscow"]
[Date "2025.03.03"]
[Round "5"]
[White "Skvortsov, Andrei"]
[Black "Tekeyev, Zaur"]
[Result "1/2-1/2"]
[WhiteElo "2321"]
[BlackElo "2412"]
[PlyCount "135"]
[EventDate "2025.03.01"]
[EventType "swiss"]
[EventRounds "9"]
[EventCountry "RUS"]
[SourceTitle "CB11_2025"]
[SourceDate "2025.03.12"]
[SourceVersion "1"]
[SourceVersionDate "2025.03.12"]
[SourceQuality "1"]

1. e4 c6 2. Nf3 d5 3. Nc3 dxe4 4. Nxe4 Nf6 5. Qe2 Na6 6. Nxf6+ gxf6 7. d3 Qd5 8. h3 Bf5 9. g4 Be6 10. Rg1 Qd6 11. Be3 0-0-0 12. Nd4 Bd7 13. Qd2 Rg8 14. f4 e5 15. Ne2 Nb4 16. Nc3 exf4 17. Bxf4 Qd4 18. Bh2 Rg6 19. Rg2 f5 20. a3 Re8+ 21. Kd1 Nd5 22. Nxd5 Qxd5 23. c4 Qf3+ 24. Kc2 Bc5 25. Rg3 Qf2 26. Qxf2 Bxf2 27. Rf3 Bd4 28. gxf5 Rg2+ 29. Bxg2 Re2+ 30. Kd1 Rxg2 31. Bg3 c5 32. Bh4 Rg1+ 33. Be1 Rg2 34. Rb1 Bxb2 35. Rf2 Rxf2 36. Bxf2 Bxa3 37. Ra1 Bb4 38. Rxa7 Bxf5 39. Ra8+ Kd7 40. Ke2 Bxh3 41. Rb8 Kc6 42. Rh8 Bf5 43. Rf8 Be6 44. Rh8 Bg4+ 45. Ke3 h5 46. Bh4 Ba3 47. Bf6 Bc1+ 48. Ke4 b5 49. cxb5+ Kxb5 50. Rh7 c4 51. dxc4+ Kxc4 52. Rxf7 Ba3 53. Rc7+ Kb5 54. Rg7 Kc6 55. Be5 Bc5 56. Rg6+ Kb5 57. Bg3 Kc4 58. Rh6 Bd1 59. Be5 Bc2+ 60. Kf4 Bd1 61. Rh8 Bg4 62. Ke4 Bd1 63. Rd8 Bg4 64. Bf6 Bb6 65. Rd2 Bc5 66. Rc2+ Kb5 67. Rc1 Ba3 68. Ra1 1/2-1/2

[Event "Moscow Aeroflot op-A"]
[Site "Moscow"]
[Date "2025.03.02"]
[Round "2"]
[White "Skvortsov, Andrei"]
[Black "Grachev, Alexey1"]
[Result "0-1"]
[WhiteElo "2321"]
[BlackElo "2405"]
[PlyCount "105"]
[EventDate "2025.03.01"]
[EventType "swiss"]
[EventRounds "9"]
[EventCountry "RUS"]
[SourceTitle "CB11_2025"]
[SourceDate "2025.03.12"]
[SourceVersion "1"]
[SourceVersionDate "2025.03.12"]
[SourceQuality "1"]

1. e4 c5 2. d4 cxd4 3. Qxd4 Nc6 4. Qd3 e6 5. Nc3 Nf6 6. Bf4 a6 7. Be2 b5 8. Nf3 Bb7 9. 0-0 Nb4 10. Qd2 Nxe4 11. Nxe4 Bxe4 12. a4 Bc6 13. Nd4 Be7 14. axb5 axb5 15. Bxb5 0-0 16. Nxc6 dxc6 17. Ba4 c5 18. Bb3 Qb6 19. c3 Rad8 20. Qe3 Nd3 21. Bc4 Nxf4 22. Qxf4 Qxb2 23. Qe3 Bf6 24. Qxc5 Rc8 25. Qb5 Qxc3 26. Rac1 Qa3 27. Rb1 Qa7 28. Bd3 Rfd8 29. Be4 g6 30. Qe2 Rb8 31. g3 Qa5 32. Rxb8 Rxb8 33. Rb1 Rd8 34. Rd1 Bd4 35. Kg2 Qe5 36. Qf3 Rc8 37. Qd3 Bb6 38. Qb1 Rb8 39. Qc2 Bxf2 40. Bxg6 hxg6 41. Qxf2 Rb2 42. Rd2 Rxd2 43. Qxd2 Qd5+ 44. Qxd5 exd5 45. Kf3 Kg7 46. Kf4 Kf6 47. h4 Ke6 48. g4 f5 49. g5 d4 50. Kg3 Ke5 51. Kf3 f4 52. h5 gxh5 53. g6 0-1

[Event "Titled Tuesday intern op 04th Feb Late"]
[Site "Chess.com INT"]
[Date "2025.02.04"]
[Round "3"]
[White "Skvortsov, Andrei"]
[Black "Vasli, Aref"]
[Result "0-1"]
[WhiteElo "2321"]
[BlackElo "2401"]
[PlyCount "110"]
[EventDate "2025.02.04"]
[EventType "swiss (blitz)"]
[EventRounds "11"]
[EventCountry "USA"]
[SourceTitle "CB07_2025"]
[SourceDate "2025.02.12"]
[SourceVersion "1"]
[SourceVersionDate "2025.02.12"]
[SourceQuality "1"]

1. e4 e5 2. d4 exd4 3. Qxd4 Nc6 4. Qd3 Nf6 5. Nc3 h6 6. Be3 Bb4 7. Nge2 d5 8. exd5 Qxd5 9. Nf4 Qxd3 10. Bxd3 0-0 11. h3 Re8 12. 0-0-0 a6 13. Ncd5 Nxd5 14. Nxd5 Bd6 15. Rhe1 Be6 16. Bc4 Na5 17. Be2 Rad8 18. Kb1 Nc6 19. Nf4 Bf5 20. Bd3 Bxd3 21. Nxd3 Re4 22. f3 Re6 23. Bf2 Rde8 24. Rxe6 Rxe6 25. Re1 Rxe1+ 26. Bxe1 f5 27. g4 Nd4 28. f4 g6 29. c3 Ne6 30. gxf5 gxf5 31. Bd2 Kf7 32. Kc2 Kg6 33. Be3 Kh5 34. Kd2 Kh4 35. Ke2 Kxh3 36. Kf3 h5 37. c4 c6 38. Bf2 Kh2 39. Bg3+ Kg1 40. Bf2+ Kf1 41. Bh4 Nd4+ 42. Ke3 c5 43. a3 b5 44. cxb5 axb5 45. b4 Nc2+ 46. Kd2 c4 47. Ne5 Nxa3 48. Kc3 Ke2 49. Nf7 Bxf4 50. Kb2 Kd3 51. Bf6 c3+ 52. Kxa3 c2 53. Bb2 c1Q 54. Ne5+ Ke4 55. Bxc1 Bxc1+ 0-1

[Event "Titled Tuesday intern op 28th Jan Early"]
[Site "Chess.com INT"]
[Date "2025.01.28"]
[Round "6"]
[White "Harsha, Bharathakoti"]
[Black "Skvortsov, Andrei"]
[Result "1-0"]
[WhiteElo "2530"]
[BlackElo "2321"]
[PlyCount "99"]
[EventDate "2025.01.28"]
[EventType "swiss (blitz)"]
[EventRounds "11"]
[EventCountry "USA"]
[SourceTitle "CB06_2025"]
[SourceDate "2025.02.05"]
[SourceVersion "1"]
[SourceVersionDate "2025.02.05"]
[SourceQuality "1"]

1. d4 d5 2. Nf3 c5 3. c4 cxd4 4. cxd5 Nf6 5. Nxd4 Nxd5 6. g3 e5 7. Nb3 Nc6 8. Bg2 Be6 9. 0-0 Be7 10. Nc3 Nxc3 11. bxc3 Qxd1 12. Rxd1 0-0 13. Be3 Rad8 14. Nc5 Bxc5 15. Bxc5 Rxd1+ 16. Rxd1 Rc8 17. a3 h6 18. Rd6 a6 19. Bb6 Bc4 20. e3 Be6 21. f4 Kf8 22. Kf2 exf4 23. exf4 Ke8 24. Be4 Ke7 25. Bc5 Nd8 26. Rc6+ Kd7 27. Rxc8 Kxc8 28. Bf8 f5 29. Bf3 g6 30. Bxh6 Kc7 31. Bg7 Nc6 32. h3 b5 33. g4 a5 34. gxf5 Bxf5 35. h4 b4 36. cxb4 axb4 37. Bxc6 Kxc6 38. axb4 Kb5 39. Bf8 Kc6 40. Ke3 Kd5 41. b5 Bc8 42. b6 Kc6 43. f5 Bxf5 44. Bc5 Bc8 45. Bd4 Kb7 46. Kf4 Bf5 47. h5 Bb1 48. h6 g5+ 49. Kxg5 Kc6 50. Kf6 1-0

[Event "Titled Tuesday intern op 21st Jan Late"]
[Site "Chess.com INT"]
[Date "2025.01.21"]
[Round "3"]
[White "Skvortsov, Andrei"]
[Black "Azar, Sebastien"]
[Result "1-0"]
[WhiteElo "2321"]
[BlackElo "1982"]
[PlyCount "79"]
[EventDate "2025.01.21"]
[EventType "swiss (blitz)"]
[EventRounds "11"]
[EventCountry "USA"]
[SourceTitle "CB05_2025"]
[SourceDate "2025.01.29"]
[SourceVersion "1"]
[SourceVersionDate "2025.01.29"]
[SourceQuality "1"]

1. e4 c5 2. d4 cxd4 3. Qxd4 Nf6 4. Nc3 Nc6 5. Qd3 g6 6. Nf3 d6 7. Be2 Bg7 8. 0-0 0-0 9. Nd5 Bd7 10. c3 Rc8 11. Bg5 Nxd5 12. exd5 Ne5 13. Nxe5 Bxe5 14. a4 a5 15. Qc2 Re8 16. Qb3 Qc7 17. Be3 e6 18. Bb6 Qb8 19. Bf3 Qa8 20. Rad1 Qa6 21. Be3 b5 22. axb5 Qxb5 23. Qa3 Rb8 24. Rd2 exd5 25. Bxd5 Be6 26. Bf3 Qb3 27. Qxa5 Bc4 28. Rfd1 Rb5 29. Qa7 h5 30. Bc6 Reb8 31. Bxb5 Rxb5 32. Bd4 Be6 33. Bxe5 dxe5 34. Qe7 Kg7 35. Re1 Ra5 36. Qc7 Qa2 37. h3 Kf6 38. Rde2 Kg7 39. b4 Rd5 40. Rxa2 1-0

[Event "Titled Tuesday intern op 03rd Sep Early"]
[Site "Chess.com INT"]
[Date "2024.09.03"]
[Round "5"]
[White "Iskusnyh, Sergei"]
[Black "Skvortsov, Andrei"]
[Result "0-1"]
[WhiteElo "2440"]
[BlackElo "2327"]
[PlyCount "118"]
[EventDate "2024.09.03"]
[EventType "swiss (blitz)"]
[EventRounds "11"]
[EventCountry "USA"]
[SourceTitle "EXT 2025"]
[Source "ChessBase"]
[SourceDate "2024.10.14"]
[SourceVersion "1"]
[SourceVersionDate "2024.10.14"]
[SourceQuality "1"]

1. d4 g6 2. c4 Bg7 3. Nf3 e6 4. Nc3 Ne7 5. g3 d5 6. Bg2 0-0 7. 0-0 dxc4 8. Qa4 Nbc6 9. Rd1 Nf5 10. e3 Nd6 11. e4 a6 12. Bg5 Qd7 13. d5 exd5 14. Nxd5 b5 15. Qc2 f6 16. Bf4 Ne5 17. Nxe5 fxe5 18. Be3 Bb7 19. b3 cxb3 20. Qxc7 Qxc7 21. Nxc7 b2 22. Rab1 Nc4 23. Nxa8 Bxa8 24. Bf1 Nxe3 25. fxe3 Bh6 26. Re1 Rf3 27. Rxb2 Bxe4 28. Bg2 Rxe3 29. Rxe3 Bxe3+ 30. Kh1 Bd4 31. Rd2 Bf5 32. h3 h5 33. Rd1 Be6 34. a3 Kf7 35. Rc1 Bc4 36. Bf1 Bd5+ 37. Bg2 Ke6 38. Bxd5+ Kxd5 39. Kg2 Bc5 40. Rc3 a5 41. Kf3 b4 42. axb4 axb4 43. Rc1 b3 44. Ke2 b2 45. Rb1 Bd4 46. Kd3 e4+ 47. Kc2 Be5 48. g4 hxg4 49. hxg4 Bd4 50. Rf1 Ke5 51. Rf8 e3 52. Re8+ Kf4 53. g5 Be5 54. Re6 Bd4 55. Re8 Kf3 56. Rf8+ Kg4 57. Rd8 e2 58. Re8 Kf3 59. Re6 Kf2 0-1

[Event "Titled Tuesday intern op 27th Aug Early"]
[Site "Chess.com INT"]
[Date "2024.08.27"]
[Round "8"]
[White "Aravindh, Chithambaram VR"]
[Black "Skvortsov, Andrei"]
[Result "1-0"]
[WhiteElo "2703"]
[BlackElo "2343"]
[PlyCount "49"]
[EventDate "2024.08.27"]
[EventType "swiss (blitz)"]
[EventRounds "11"]
[EventCountry "USA"]
[SourceTitle "EXT 2025"]
[Source "ChessBase"]
[SourceDate "2024.10.14"]
[SourceVersion "1"]
[SourceVersionDate "2024.10.14"]
[SourceQuality "1"]

1. Nf3 Nf6 2. Rg1 d5 3. b3 c5 4. Bb2 d4 5. e3 Nc6 6. Bb5 dxe3 7. fxe3 Qb6 8. Nc3 a6 9. Bc4 Bg4 10. h3 Bxf3 11. gxf3 e6 12. f4 0-0-0 13. Qf3 Qc7 14. 0-0-0 b5 15. Bf1 Nd5 16. Nxd5 exd5 17. Rg5 d4 18. Bg2 f6 19. Rd5 Bd6 20. exd4 cxd4 21. Kb1 Rhe8 22. Rc1 Bxf4 23. Rc5 Re6 24. Qg4 f5 25. Qxf5 1-0

[Event "Titled Tuesday intern op 27th Aug Early"]
[Site "Chess.com INT"]
[Date "2024.08.27"]
[Round "5"]
[White "Skvortsov, Andrei"]
[Black "Klukin, Kirill"]
[Result "1-0"]
[WhiteElo "2343"]
[BlackElo "2413"]
[PlyCount "115"]
[EventDate "2024.08.27"]
[EventType "swiss (blitz)"]
[EventRounds "11"]
[EventCountry "USA"]
[SourceTitle "EXT 2025"]
[Source "ChessBase"]
[SourceDate "2024.10.14"]
[SourceVersion "1"]
[SourceVersionDate "2024.10.14"]
[SourceQuality "1"]

1. e4 e6 2. d4 d5 3. exd5 exd5 4. Nf3 Nc6 5. Nc3 Bb4 6. Bb5 Nge7 7. 0-0 0-0 8. h3 h6 9. Ne2 Bd6 10. Nf4 Bf5 11. c3 a6 12. Ba4 Be4 13. Re1 Ng6 14. Nd3 Qf6 15. Nc5 Bxf3 16. Qxf3 Qxf3 17. gxf3 b5 18. Bb3 Bxc5 19. Bxd5 Rae8 20. Rxe8 Rxe8 21. dxc5 Re1+ 22. Kg2 Nce5 23. Be4 f5 24. Bc2 Nh4+ 25. Kg3 g5 26. Bxg5 Rxa1 27. Bxh4 Rg1+ 28. Kf4 Ng6+ 29. Kxf5 Nxh4+ 30. Ke6 Rg7 31. Be4 Kf8 32. b4 Re7+ 33. Kd5 Rf7 34. Kc6 Nxf3 35. Kb7 Nd2 36. Bd5 Rf6 37. Kxc7 Ke7 38. Kb7 Nc4 39. c6 Nd6+ 40. Kxa6 Rxf2 41. Kb6 Rc2 42. c4 Nxc4+ 43. Kxb5 Nd6+ 44. Kb6 Nc8+ 45. Kc7 Nd6 46. Bb3 Rc3 47. h4 Nb5+ 48. Kb6 Nd4 49. Bd5 Kd6 50. Be4 Nxc6 51. b5 Nd4 52. a4 Ra3 53. a5 Ne6 54. a6 Nc7 55. Bc6 Ra4 56. a7 Rxh4 57. Kb7 Rb4 58. b6 1-0

[Event "Titled Tuesday intern op 27th Aug Late"]
[Site "Chess.com INT"]
[Date "2024.08.27"]
[Round "5"]
[White "Skvortsov, Andrei"]
[Black "Serban, Cristian Stefan"]
[Result "1-0"]
[WhiteElo "2343"]
[BlackElo "2283"]
[PlyCount "231"]
[EventDate "2024.08.27"]
[EventType "swiss (blitz)"]
[EventRounds "11"]
[EventCountry "USA"]
[SourceTitle "EXT 2025"]
[Source "ChessBase"]
[SourceDate "2024.10.14"]
[SourceVersion "1"]
[SourceVersionDate "2024.10.14"]
[SourceQuality "1"]

1. e4 c5 2. d4 cxd4 3. Qxd4 Nc6 4. Qd3 Nf6 5. Nc3 e6 6. Bf4 Bb4 7. 0-0-0 0-0 8. Nge2 Qa5 9. Kb1 a6 10. f3 d5 11. exd5 Rd8 12. Qc4 exd5 13. Qd3 d4 14. Ne4 Nxe4 15. fxe4 Be6 16. Nc1 Be7 17. a3 b5 18. Nb3 Qb6 19. Be2 Rac8 20. Rhf1 Na5 21. Qf3 Nc4 22. Rd3 a5 23. Rfd1 Bf6 24. Qg3 a4 25. Nd2 Nxd2+ 26. R1xd2 b4 27. Be5 bxa3 28. Rxa3 Bxe5 29. Qxe5 Qb4 30. Kc1 Rb8 31. c3 dxc3 32. Rxd8+ Rxd8 33. Rxc3 Qd6 34. Qxd6 Rxd6 35. Rc5 Rd4 36. Bf3 g6 37. Kc2 Kg7 38. Kc3 Rd8 39. Ra5 Bb3 40. Rc5 h5 41. e5 Re8 42. Be2 Re7 43. Bd3 Rb7 44. Ra5 Rc7+ 45. Kd2 Rd7 46. Ke3 Re7 47. h4 Rd7 48. g3 Rc7 49. Kd2 Rd7 50. Kc3 Rc7+ 51. Kd2 Rd7 52. Ke3 Rc7 53. Rb5 Rd7 54. Be4 Rc7 55. Rb7 Rxb7 56. Bxb7 Kf8 57. Kd4 Ke7 58. Bc8 Ba2 59. Kc5 Bb3 60. Bh3 Bc2 61. Bf1 Ke6 62. Bc4+ Kxe5 63. Bxf7 Bd1 64. Bd5 Bc2 65. Bg2 Kf5 66. Bf3 Ke5 67. Kb4 Kd4 68. g4 Ke3 69. gxh5 gxh5 70. Bxh5 Kf4 71. Be8 Kg4 72. h5 Kg5 73. Bxa4 Be4 74. Be8 Bd3 75. Kc5 Be2 76. Kd6 Bd3 77. Ke7 Kh6 78. Kf6 Bc4 79. Bg6 Bb3 80. Ke5 Kg7 81. Kf4 Kh8 82. Kg5 Bc4 83. b4 Bb5 84. Kf4 Bc4 85. Ke5 Bb5 86. Kd6 Be2 87. Be8 Kg7 88. Ke6 Kh6 89. Ke5 Bd3 90. Kf4 Be2 91. Ke3 Bf1 92. Kd4 Be2 93. Ke5 Bf1 94. Kd6 Be2 95. Ke7 Bf1 96. Kf8 Be2 97. Kg8 Bc4+ 98. Bf7 Bb5 99. Kf8 Kh7 100. Ke7 Kg7 101. Bg6 Bc4 102. Kd6 Be2 103. Kc5 Kh6 104. Kd4 Bf1 105. Bd3 Bg2 106. b5 Kxh5 107. b6 Bb7 108. Be4 Ba6 109. Ke5 Kg5 110. Bd3 Bb7 111. Bf5 Ba6 112. Bd7 Bb7 113. Kd6 Kf6 114. Kc7 Ba6 115. Bb5 Bb7 116. Kxb7 1-0

[Event "Titled Tuesday intern op 27th Aug Early"]
[Site "Chess.com INT"]
[Date "2024.08.27"]
[Round "7"]
[White "Steinberg, Nitzan"]
[Black "Skvortsov, Andrei"]
[Result "0-1"]
[WhiteElo "2554"]
[BlackElo "2343"]
[PlyCount "100"]
[EventDate "2024.08.27"]
[EventType "swiss (blitz)"]
[EventRounds "11"]
[EventCountry "USA"]
[SourceTitle "EXT 2025"]
[Source "ChessBase"]
[SourceDate "2024.10.14"]
[SourceVersion "1"]
[SourceVersionDate "2024.10.14"]
[SourceQuality "1"]

1. e4 d5 2. exd5 Qxd5 3. Nc3 Qe5+ 4. Be2 Bg4 5. d4 Bxe2 6. Ngxe2 Qa5 7. 0-0 Nf6 8. Bd2 Nc6 9. Ne4 Qd5 10. Nxf6+ gxf6 11. Be3 0-0-0 12. c3 Rg8 13. Nf4 Qf5 14. Qh5 Qxh5 15. Nxh5 f5 16. Rad1 Rg6 17. Nf4 Rg8 18. d5 Ne5 19. Rfe1 Nf3+ 20. Kf1 Nxe1 21. Rxe1 Bh6 22. c4 b6 23. g3 Bxf4 24. Bxf4 Rge8 25. Bg5 Rd7 26. Kg2 e6 27. Bf6 c6 28. dxc6 Rc7 29. b3 Rxc6 30. h4 Rd6 31. Re2 Rd3 32. h5 Rg8 33. f3 Kd7 34. Kf2 Kc6 35. b4 a5 36. b5+ Kc5 37. Rc2 Re8 38. h6 e5 39. Ke2 e4 40. fxe4 fxe4 41. g4 Rg3 42. Rc1 Rxg4 43. Rd1 Re6 44. Bg7 Kxc4 45. a4 e3 46. Kf3 Rg5 47. Rd4+ Kb3 48. Ke2 Rg2+ 49. Kf3 e2 50. Rd3+ Kxa4 0-1

[Event "Pozarevac Rudar GM 08"]
[Site "Pozarevac"]
[Date "2024.08.12"]
[Round "7"]
[White "Skvortsov, Andrei"]
[Black "Korshunov, Sergey And"]
[Result "1/2-1/2"]
[WhiteElo "2343"]
[BlackElo "2340"]
[PlyCount "53"]
[EventDate "2024.08.07"]
[EventType "tourn"]
[EventRounds "9"]
[EventCountry "SRB"]
[EventCategory "6"]
[SourceTitle "EXT 2025"]
[Source "ChessBase"]
[SourceDate "2024.10.14"]
[SourceVersion "1"]
[SourceVersionDate "2024.10.14"]
[SourceQuality "1"]

1. e4 e5 2. Nf3 Nc6 3. Bb5 Nge7 4. 0-0 Ng6 5. d4 exd4 6. Nxd4 Bc5 7. Be3 Nxd4 8. Bxd4 Qg5 9. Bxc5 Qxc5 10. Nc3 0-0 11. Qd2 d6 12. Kh1 Be6 13. Rae1 f5 14. exf5 Bxf5 15. a3 c6 16. b4 Qb6 17. Bd3 Bxd3 18. cxd3 d5 19. f4 Qd4 20. Ne2 Qf6 21. Ng1 Rae8 22. g3 h6 23. Nf3 Qf5 24. Nd4 Qf6 25. Nf3 Qf5 26. Nd4 Qf6 27. Nf3 1/2-1/2

[Event "Pozarevac Rudar GM 08"]
[Site "Pozarevac"]
[Date "2024.08.11"]
[Round "6"]
[White "Jovanovic, Dusan D"]
[Black "Skvortsov, Andrei"]
[Result "1-0"]
[WhiteElo "2380"]
[BlackElo "2343"]
[PlyCount "173"]
[EventDate "2024.08.07"]
[EventType "tourn"]
[EventRounds "9"]
[EventCountry "SRB"]
[EventCategory "6"]
[SourceTitle "EXT 2025"]
[Source "ChessBase"]
[SourceDate "2024.10.14"]
[SourceVersion "1"]
[SourceVersionDate "2024.10.14"]
[SourceQuality "1"]

1. c4 e5 2. e3 Nc6 3. a3 g6 4. Nc3 Bg7 5. g3 Nge7 6. Bg2 d6 7. Nge2 Be6 8. Nd5 0-0 9. 0-0 f5 10. d3 Bf7 11. Nec3 Rb8 12. Bd2 g5 13. Rc1 Ng6 14. b4 Nce7 15. b5 c6 16. Nxe7+ Nxe7 17. Qa4 Qc7 18. Rb1 Bg6 19. Rfc1 f4 20. bxc6 bxc6 21. Ne4 g4 22. exf4 exf4 23. Rxb8 Rxb8 24. Bxf4 Be5 25. Bxe5 dxe5 26. Nf6+ Kg7 27. Nxg4 Bxd3 28. Qd1 Bf5 29. Ne3 Bg6 30. Qg4 Rd8 31. h4 Rd4 32. Qe2 Qd7 33. Nd5 e4 34. Nf4 Bf5 35. Qe3 Kf7 36. c5 Rd2 37. Bxe4 Qd4 38. Qxd4 Rxd4 39. Bg2 Rd2 40. Bf3 Ra2 41. Rc3 Ra1+ 42. Kg2 h6 43. Ne2 Kf6 44. Nd4 Bd7 45. Rb3 a5 46. Rb6 Rxa3 47. Nxc6 Bxc6 48. Bxc6 Rc3 49. Bd7+ Kg7 50. c6 a4 51. Rb7 a3 52. Ra7 Kf6 53. c7 a2 54. Rxa2 Rxc7 55. Ra6+ Kg7 56. Rd6 Ng8 57. Bf5 Nf6 58. g4 Rc5 59. f3 Ra5 60. Rb6 Re5 61. Rb7+ Kf8 62. Bg6 Nd5 63. Kg3 Re7 64. Rxe7 Kxe7 65. Be4 Nc3 66. Kf4 Kf6 67. Bc6 Ne2+ 68. Ke3 Nc3 69. f4 Nd1+ 70. Ke2 Nc3+ 71. Kd2 Na2 72. Ke3 Nc3 73. Bf3 Nb5 74. Be4 Nd6 75. Bd3 Nf7 76. Kd4 Nd6 77. Kd5 Nf7 78. Be4 Ke7 79. Kd4 Kf6 80. Bb1 Nd6 81. Kd5 Nf7 82. Bc2 Ke7 83. g5 hxg5 84. hxg5 Kf8 85. Ke6 Kg7 86. Ke7 Kh8 87. Bg6 1-0